[Event "SZCZYRK OPEN - TURNIEJ Z OKAZJI SWIETA NIEPODLEGLOSCI - BLITZ 3'+2'' "]
[Site "Szczyrk"]
[Date "2018-11-11"]
[Round "4.19"]
[White "Dytman, Radoslaw "]
[Black "Labedz, Dawid"]
[Result "0-1"]
[WhiteTitle ""]
[BlackTitle ""]
[WhiteElo "1786"]
[BlackElo "1395"]

1. e4 c5 2. Nf3 Nc6 3. d4 cxd4 4. Nxd4 e6 5. Nc3 a6 6. Be2 Nf6 7. O-O Bb4 8. Bf3
Bxc3 9. bxc3 O-O 10. Bg5 h6 11. Be3 Ne5 12. Be2 Nxe4 13. Qe1 d5 14. f4 Ng6 15.
Bf3 Nd6 16. Be2 Bd7 17. g4 Ne4 18. Bd3 Qh4 19. Qxh4 Nxh4 20. Rab1 b5 21. Rb3 Rfc8
22. Ne2 e5 23. f5 g5 24. Bxe4 dxe4 25. Ng3 Nf3+ 26. Kg2 Bc6 27. Rd1 Rd8 28. Rbb1
Kf8 29. f6 Ke8 30. Nf5 Nh4+ 31. Nxh4 gxh4 32. Rxd8+ Rxd8 33. Kh3 Rd6 34. Kxh4
Rxf6 35. Rd1 Rf3 36. Bb6 Rxc3 37. Bc7 Rxc2 38. Bxe5 Rxa2 39. Bf6 Bd7 40. Re1 Ra4
41. Kh5 Rc4 42. Kxh6 Rc8 43. Rxe4+ Be6 44. Kg5 Rc5+ 45. Kf4 Kd7 46. Rd4+ Rd5 47.
Rb4 a5 48. Rb1 b4 49. h4 Rd2 50. h5 b3 51. h6 a4 52. h7 Rh2 53. h8=Q Rxh8 54.
Bxh8 a3 55. g5 Kc6 56. Ke4 Kb5 57. Ke3 Kc4 58. Bd4 Bf5 59. Rc1+ Kb4 60. Bc3+ Ka4
61. Kd2 b2 62. Bxb2 axb2 63. Rc4+ Kb3 64. Rc3+ Ka2 65. Rc7 b1=Q 66. Ra7+ Kb2 67.
Rb7+ Ka1 68. Ra7+ Qa2+ 69. Rxa2+ Kxa2 70. Ke3 Kb3 71. Kf4 Bg6 72. Ke5 Kc4 73.
Kf6 Kd5 74. Kg7 Ke5 75. Kh6 Kf5 76. Kg7 Kxg5 77. Kf8 Kf6 78. Ke8 Ke6 79. Kd8 f5
0-1

[Event "SZCZYRK OPEN - TURNIEJ Z OKAZJI SWIETA NIEPODLEGLOSCI - BLITZ 3'+2'' "]
[Site "Szczyrk"]
[Date "2018-11-11"]
[Round "4.20"]
[White "Temel, Jan "]
[Black "Wydmanski, Szymon"]
[Result "0-1"]
[WhiteTitle ""]
[BlackTitle ""]
[WhiteElo "1762"]
[BlackElo "1165"]

1. Nf3 c5 2. c4 Nf6 3. b3 g6 4. Bb2 Bg7 5. g4 O-O 6. h3 Nc6 7. Bg2 e6 8. g5 Ne4
9. Bxg7 Kxg7 10. h4 f6 11. Qc2 d5 12. d3 Nb4 13. Qb2 Nd6 14. h5 d4 15. Qd2 fxg5
16. a3 Nc6 17. hxg6 Kxg6 18. b4 b6 19. b5 Na5 20. Ne5+ Kg7 21. Bxa8 Nb3 22. Qb2
Nxa1 23. Qxa1 Qf6 24. Nf3 0-1

[Event "SZCZYRK OPEN - TURNIEJ Z OKAZJI SWIETA NIEPODLEGLOSCI - BLITZ 3'+2'' "]
[Site "Szczyrk"]
[Date "2018-11-11"]
[Round "4.21"]
[White "Jaworski, Tymon"]
[Black "Demski, Michal "]
[Result "0-1"]
[WhiteTitle ""]
[BlackTitle ""]
[WhiteElo "1372"]
[BlackElo "1762"]

1. e4 e5 2. Nf3 Nc6 3. Bb5 a6 4. Bxc6 dxc6 5. O-O Bd6 6. Re1 Ne7 7. d4 exd4 8.
Qxd4 f6 9. Qc4 Bg4 10. Nbd2 Qd7 11. Nd4 b5 12. Qd3 O-O 13. h3 Bh5 14. N2f3 c5
15. Nf5 Nxf5 16. exf5 c4 17. Qd5+ Kh8 18. Qe6 Qc6 0-1

[Event "SZCZYRK OPEN - TURNIEJ Z OKAZJI SWIETA NIEPODLEGLOSCI - BLITZ 3'+2'' "]
[Site "Szczyrk"]
[Date "2018-11-11"]
[Round "4.22"]
[White "Fic, Wieslaw "]
[Black "Rzasa, Dominik "]
[Result "1-0"]
[WhiteTitle ""]
[BlackTitle ""]
[WhiteElo "1759"]
[BlackElo "1159"]

1. Nf3 e6 2. d4 d5 3. c4 dxc4 4. Nc3 c5 5. e3 cxd4 6. exd4 Nf6 7. Bxc4 Nc6 8. O-O
Be7 9. Re1 O-O 10. Bg5 h6 11. Bh4 Re8 12. Qd2 a6 13. Rad1 Qc7 14. Bg3 Qb6 15.
d5 exd5 16. Nxd5 Nxd5 17. Qxd5 Be6 18. Rxe6 fxe6 19. Qxe6+ Kh7 20. Ne5 Bf6 21.
Qf5+ Kh8 22. Ng6+ Kh7 23. Nf8+ Kh8 24. Qh7# Nb8 1-0

[Event "SZCZYRK OPEN - TURNIEJ Z OKAZJI SWIETA NIEPODLEGLOSCI - BLITZ 3'+2'' "]
[Site "Szczyrk"]
[Date "2018-11-11"]
[Round "4.23"]
[White "Dylag, Emilia"]
[Black "Hasinski, Krystian "]
[Result "1/2-1/2"]
[WhiteTitle ""]
[BlackTitle ""]
[WhiteElo "1668"]
[BlackElo "1742"]

1. d4 Nf6 2. c4 d5 3. Nc3 c6 4. cxd5 cxd5 5. Bf4 a6 6. e3 Nc6 7. Bd3 e6 8. Nge2
Bd6 9. O-O h6 10. a3 O-O 11. Rc1 Nh5 12. Bxd6 Qxd6 13. Na4 Bd7 14. Nc5 Rab8 15.
b4 f5 16. Qd2 Ne7 17. Qc2 Bb5 18. Bxb5 axb5 19. Qd3 f4 20. exf4 Nxf4 21. Nxf4
Rxf4 22. Qxb5 Rxd4 23. Rfe1 e5 24. Nxb7 Qf6 25. Rc7 Rd2 26. Rf1 e4 27. Qd7 Rf8
28. Qxe7 Qd4 29. Qxg7+ Qxg7 30. Rxg7+ Kxg7 31. Nc5 e3 32. Ne6+ Kg8 33. fxe3 Rxf1+
34. Kxf1 Ra2 35. Nd4 Rxa3 36. Kf2 Ra4 37. b5 Rb4 38. Kf3 Kf7 39. Kf4 Kf6 40. g4
Rb2 41. h4 Rf2+ 42. Kg3 Rf1 43. Nb3 Ke5 44. Nc5 Rg1+ 45. Kf2 Rb1 46. b6 Rb5 47.
b7 Kd6 48. Na6 Rxb7 49. Kf3 Rb1 50. Kf4 Rf1+ 51. Kg3 Ke5 52. Nb4 Ke4 53. g5 hxg5
54. hxg5 Rg1+ 55. Kh4 Rh1+ 56. Kg3 Ke5 57. g6 Rg1+ 58. Kf3 Rxg6 59. Nd3+ Kd6 60.
Nf4 Rh6 61. Kg4 Rh1 62. Kf3 Rf1+ 63. Ke2 Ra1 64. Kf3 Ke5 65. Nd3+ Kf5 66. Nf4
Ra5 67. Nd3 Ra4 68. Nc5 Ra3 69. Ke2 Ke5 70. Nd3+ Ke4 71. Nc5+ Ke5 72. Nd3+ Kd6
73. Nf4 Ra2+ 74. Kf3 Ra8 75. Nd3 Re8 76. Kf4 Rf8+ 77. Kg3 Ke6 78. Nf4+ Kd6 79.
Nd3 Rg8+ 80. Kf3 Rf8+ 81. Kg3 Re8 82. Kf3 Rh8 83. Ke2 Ke6 84. Nf4+ Kd6 85. Nd3
Rh2+ 86. Kf3 Rh1 87. Ke2 Ke6 88. Nf4+ Ke5 89. Nd3+ Ke4 90. Nf2+ Ke5 91. Nxh1 d4
92. exd4+ Kxd4 1/2-1/2

[Event "SZCZYRK OPEN - TURNIEJ Z OKAZJI SWIETA NIEPODLEGLOSCI - BLITZ 3'+2'' "]
[Site "Szczyrk"]
[Date "2018-11-11"]
[Round "4.24"]
[White "Iwanczuk, Krzysztof"]
[Black "Zabrzanska, Weronika "]
[Result "1-0"]
[WhiteTitle ""]
[BlackTitle ""]
[WhiteElo "1735"]
[BlackElo "1344"]

1. e4 e5 2. Bc4 Nf6 3. d4 Nc6 4. Nf3 Qe7 5. O-O g6 6. dxe5 Nxe5 7. Nxe5 Qxe5 8.
Nc3 Bg7 9. f4 Qc5+ 10. Kh1 Qxc4 11. e5 Ne4 12. Nd5 O-O 13. b3 Qc6 14. Ne7+ Kh8
15. Nxc6 bxc6 16. Bb2 Nc5 17. c4 Bb7 18. Rf3 d5 19. Rh3 Ne4 20. Qe2 Bc8 21. Rd3
Ba6 22. Rc1 Rab8 23. Ba3 Rfe8 24. Rd4 f6 25. Rxe4 dxe4 26. Qxe4 fxe5 27. Qxc6
Bb7 28. Qxc7 exf4 29. Qxf4 Rbd8 30. Qf2 a6 31. h3 Rc8 32. Bb2 Rf8 33. Bxg7+ Kxg7
34. Qb2+ Kg8 35. Rd1 Rf7 36. Qe5 Rcf8 37. Qe6 Bc8 38. Qd5 Bb7 39. Qe6 Bc8 40.
Qe5 Rf5 41. Qc7 R5f7 42. Qc5 Bb7 43. Qe3 Kh8 44. Qc3+ Kg8 45. Qe3 Kh8 46. Qe5+
Kg8 47. Kh2 Rf2 48. Qe6+ Kh8 49. Rg1 R2f7 50. c5 Ba8 51. b4 Bb7 52. a4 Ba8 53.
Qxa6 Bb7 54. Qe6 Bc8 55. Qe5+ Kg8 56. b5 Rf5 57. Qd4 Rf4 58. Qd5+ Kh8 59. a5 R4f5
60. Qd4+ Kg8 61. a6 Rf4 62. Qd5+ Kh8 63. c6 R4f7 64. Re1 Bf5 65. b6 Bc8 66. b7
Bf5 67. Qxf7 Rxf7 68. b8=Q+ Kg7 69. Qe5+ Kh6 70. c7 Bc8 71. a7 Bb7 72. c8=Q Bxc8
73. a8=Q Bb7 74. Qe3+ Kg7 75. Qa1+ Kg8 76. Qh6 Rd7 1-0

[Event "SZCZYRK OPEN - TURNIEJ Z OKAZJI SWIETA NIEPODLEGLOSCI - BLITZ 3'+2'' "]
[Site "Szczyrk"]
[Date "2018-11-11"]
[Round "4.25"]
[White "Lambrecht, Tomasz"]
[Black "Sulkowski, Andrzej "]
[Result "1/2-1/2"]
[WhiteTitle ""]
[BlackTitle ""]
[WhiteElo "1343"]
[BlackElo "1693"]

1. Nf3 d5 2. c4 e6 3. e3 Nf6 4. Nc3 c5 5. cxd5 exd5 6. d4 Nc6 7. Be2 Bf5 8. a3
Be7 9. dxc5 Bxc5 10. b4 Bb6 11. Bb2 O-O 12. O-O d4 13. exd4 Nxd4 14. Nxd4 Bxd4
15. Bf3 Rc8 16. Rc1 b6 17. Qa4 Qd7 18. Qxd7 Bxd7 19. Rfd1 Be5 20. g3 Be6 21. Na4
Bxb2 22. Nxb2 Bb3 23. Re1 Be6 24. Red1 Rxc1 25. Rxc1 Rc8 26. Rxc8+ Bxc8 27. Kf1
Kf8 28. Ke2 Ke7 29. Kd3 Ba6+ 30. Kd4 Nd7 31. Nd1 Nf8 32. Ne3 Ne6+ 33. Kc3 Ng5
34. Bg2 h6 35. Nd5+ Kd6 36. Nf4 Bc8 37. Kd4 Ne6+ 38. Nxe6 Bxe6 39. Be4 g6 40.
Bc2 g5 41. Ba4 f5 42. Bc2 Bd7 43. Bd3 Ke6 44. Bc4+ Kf6 45. Bd5 h5 46. f4 gxf4
47. gxf4 Bc8 48. h4 Ba6 49. Bb3 Bb7 50. Bc4 Ke5+ 1/2-1/2

[Event "SZCZYRK OPEN - TURNIEJ Z OKAZJI SWIETA NIEPODLEGLOSCI - BLITZ 3'+2'' "]
[Site "Szczyrk"]
[Date "2018-11-11"]
[Round "4.26"]
[White "Nagly, Wojciech"]
[Black "Kania, Pawel "]
[Result "0-1"]
[WhiteTitle ""]
[BlackTitle ""]
[WhiteElo "1167"]
[BlackElo "1644"]

1. e4 c5 2. Nf3 g6 3. d4 cxd4 4. Nxd4 Bg7 5. Be3 Nc6 6. Nxc6 bxc6 7. Nc3 Qa5 8.
Qd2 Rb8 9. Rb1 Bxc3 10. Qxc3 Qxc3+ 11. bxc3 Rxb1+ 12. Kd2 Ba6 13. Bxa6 Rxh1 14.
h3 Nf6 15. Bxa7 Ra1 16. Bc4 d5 17. exd5 cxd5 18. Bb3 O-O 19. Bc5 Ne4+ 20. Ke3
Nxc5 21. Bxd5 e6 22. Bc4 Rd8 23. g4 Na4 24. f4 Nxc3 25. h4 Nxa2 26. f5 gxf5 27.
gxf5 e5 28. Ke4 Re1+ 29. Kf3 Nb4 30. c3 Rc8 31. Bxf7+ Kxf7 32. cxb4 Rb8 33. Kg4
Rxb4+ 34. Kg5 Rh1 35. h5 Rbh4 36. f6 Rxh5+ 37. Kg4 Kxf6 38. Kf3 Kf5 39. Ke3 R5h4
40. Kf3 Ra1 41. Ke3 Rh3+ 42. Kf2 Ra2+ 43. Kg1 Rb3 44. Kf1 Rb1# 0-1

[Event "SZCZYRK OPEN - TURNIEJ Z OKAZJI SWIETA NIEPODLEGLOSCI - BLITZ 3'+2'' "]
[Site "Szczyrk"]
[Date "2018-11-11"]
[Round "4.27"]
[White "Kukula, Karol"]
[Black "Laszczuk, Zuzanna"]
[Result "1-0"]
[WhiteTitle ""]
[BlackTitle ""]
[WhiteElo "1644"]
[BlackElo "1332"]

1. e4 e5 2. Nf3 Nc6 3. Nc3 Nf6 4. Bb5 Bc5 5. O-O d6 6. d3 h6 7. d4 exd4 8. Nxd4
Bd7 9. Be3 Bxd4 10. Bxd4 Nxd4 11. Bxd7+ Qxd7 12. Qxd4 O-O 13. Rad1 Qg4 14. f3
Qg6 15. Nd5 Rac8 16. Ne7+ 1-0

[Event "SZCZYRK OPEN - TURNIEJ Z OKAZJI SWIETA NIEPODLEGLOSCI - BLITZ 3'+2'' "]
[Site "Szczyrk"]
[Date "2018-11-11"]
[Round "4.28"]
[White "Turowski, Maciej "]
[Black "Buchta, Agnieszka"]
[Result "1-0"]
[WhiteTitle ""]
[BlackTitle ""]
[WhiteElo "1322"]
[BlackElo "1586"]

1. d4 Nf6 2. Bg5 e6 3. Bxf6 Qxf6 4. e4 d6 5. Nf3 Nd7 6. Nc3 b6 7. Bb5 Bb7 8. Bxd7+
Kxd7 9. Qd2 Rd8 10. O-O-O Kc8 11. Rhe1 h5 12. Nb5 Kb8 13. Qc3 Rc8 14. d5 Qh6+
15. Kb1 g5 16. Nfd4 exd5 17. Nc6+ Bxc6 18. Qxc6 dxe4 19. Rxe4 Bg7 20. Nxa7 Qf6
21. Rb4 Rhe8 22. Qd5 c5 23. Nc6+ Rxc6 24. Qxc6 cxb4 25. Qxb6+ Kc8 26. Qc6+ Kd8
27. Rxd6+ Qxd6 28. Qxd6+ Kc8 29. Qc6+ Kd8 30. Qd6+ Kc8 31. Qd2 Kc7 32. c3 bxc3
33. bxc3 Rb8+ 34. Kc2 Rc8 35. Qxg5 Bf8 36. Qf4+ Bd6 37. Qxf7+ Kb6 38. Qb3+ Ka7
39. Qa4+ Kb7 40. Qb5+ Kc7 41. Qa5+ Kd7 42. Qf5+ Kc6 43. Qe4+ Kb6 44. Qe3+ Bc5
45. Qe6+ Kb5 46. Qxc8 Bb6 47. Qf5+ 1-0

[Event "SZCZYRK OPEN - TURNIEJ Z OKAZJI SWIETA NIEPODLEGLOSCI - BLITZ 3'+2'' "]
[Site "Szczyrk"]
[Date "2018-11-11"]
[Round "4.29"]
[White "Szafranski, Maciej "]
[Black "Wolski, Michal "]
[Result "1-0"]
[WhiteTitle ""]
[BlackTitle ""]
[WhiteElo "1548"]
[BlackElo "1311"]

1. e4 c5 2. Nf3 Nc6 3. d4 cxd4 4. Nxd4 a6 5. Nc3 e6 6. f3 Nf6 7. Be3 Qc7 8. Qd2
Bb4 9. a3 Ba5 10. b4 Bb6 11. Nxc6 Bxe3 12. Qxe3 Qxc6 13. Be2 d5 14. exd5 Nxd5
15. Nxd5 Qxd5 16. c4 Qf5 17. O-O O-O 18. Rfd1 b5 19. Bd3 Qh5 20. cxb5 axb5 21.
Qb6 Bd7 22. Bxh7+ Qxh7 23. Rxd7 Rab8 24. Rb7 Rxb7 25. Qxb7 Qf5 26. Rc1 Qf4 27.
Qc6 Qe3+ 28. Kh1 Qxa3 29. Qc3 Qa4 30. Ra1 Rd8 31. h3 Rd1+ 32. Rxd1 Qxd1+ 33. Kh2
Qd6+ 34. Kg1 Kf8 35. Qc8+ Ke7 36. Qb7+ Qd7 37. Qe4 Qd5 38. Qxd5 exd5 39. Kf2 d4
40. Ke2 Kd6 41. Kd3 Kd5 42. f4 g6 43. g4 f6 44. h4 f5 45. g5 Ke6 46. Kxd4 Kd6
47. Ke3 Kd5 48. Kd3 Ke6 49. Kd4 Kd6 50. Kc3 Kd5 51. Kd3 Ke6 52. Kd4 Kd6 53. Ke3
Kd5 54. Kf3 Kc4 55. h5 gxh5 56. g6 Kxb4 57. g7 Ka3 58. g8=Q b4 59. Qa8+ Kb3 60.
Qa1 Kc2 61. Qa2+ Kc3 62. Qb1 b3 63. Qxf5 b2 64. Qb1 h4 65. Kg4 h3 66. Kxh3 Kb3
67. f5 1-0

[Event "SZCZYRK OPEN - TURNIEJ Z OKAZJI SWIETA NIEPODLEGLOSCI - BLITZ 3'+2'' "]
[Site "Szczyrk"]
[Date "2018-11-11"]
[Round "4.30"]
[White "Gromek, Pawel"]
[Black "Retz, Adrian "]
[Result "0-1"]
[WhiteTitle ""]
[BlackTitle ""]
[WhiteElo "1300"]
[BlackElo "1547"]

1. e4 c5 2. Nf3 e6 3. d4 cxd4 4. Nxd4 Nf6 5. Nc3 d6 6. Be3 Be7 7. Be2 O-O 8. O-O
a6 9. f4 Qc7 10. f5 d5 11. exd5 Nxd5 12. Nxd5 exd5 13. Bd3 Qe5 14. Qf3 Bc5 15.
c3 Bd6 16. Rae1 Qxh2+ 17. Kf2 Qh4+ 18. Ke2 Nd7 19. Rh1 Qf6 20. Bb1 Ne5 21. Qh5
h6 22. g4 Nc4 23. Bc1 Re8+ 24. Kd1 Rxe1+ 25. Kxe1 Bd7 26. Kd1 Re8 27. g5 Qe5 28.
f6 Ne3+ 29. Bxe3 Qxe3 30. gxh6 Qxh6 31. Qf3 Bg4 32. Qxg4 Qxh1+ 33. Kd2 Qh6+ 34.
Kd1 0-1

[Event "SZCZYRK OPEN - TURNIEJ Z OKAZJI SWIETA NIEPODLEGLOSCI - BLITZ 3'+2'' "]
[Site "Szczyrk"]
[Date "2018-11-11"]
[Round "4.31"]
[White "Derylo, Kamil"]
[Black "Kazmierowski, Tymon"]
[Result "1/2-1/2"]
[WhiteTitle ""]
[BlackTitle ""]
[WhiteElo "1536"]
[BlackElo "1306"]

1. e4 c5 2. d4 cxd4 3. c3 d5 4. exd5 Qxd5 5. cxd4 Nc6 6. Be3 e5 7. Nc3 Bb4 8. dxe5
Qxe5 9. Rc1 Nf6 10. Nf3 Qc7 11. Bb5 O-O 12. O-O Bg4 13. h3 Bxf3 14. Qxf3 Rad8
15. a3 Bxc3 16. Rxc3 Nd5 17. Rc2 Nxe3 18. Qxe3 Qd6 19. Bxc6 bxc6 20. Qxa7 Qd3
21. Qc5 Rd6 22. Rfc1 Rg6 23. Qc3 Qe4 24. g3 Qf5 25. Kh2 h6 26. Qc5 Qf3 27. Qe3
Qd5 28. b4 Qd7 29. Rd2 Qc8 30. Rc5 Re8 31. Qf3 Rf6 32. Qg4 Qa8 33. Rc3 Qa6 34.
Kg2 Re1 35. Qc4 Qa8 36. Re2 c5+ 37. f3 Ra1 38. bxc5 Rxa3 39. Rxa3 Qxa3 40. Qe4
Qxc5 41. Qe8+ Kh7 42. Qe4+ Kg8 43. Rd2 Rd6 44. Qe8+ Kh7 45. Qe4+ Kg8 46. Rxd6
Qxd6 47. f4 Qd2+ 48. Kf3 Qc3+ 49. Kg4 g6 50. Qe8+ Kh7 51. Qxf7+ Kh8 52. Qxg6 Qc8+
53. Qf5 Qg8+ 54. Kf3 Qb3+ 55. Kg4 Qg8+ 56. Kh4 Qg7 57. g4 Qe7+ 58. g5 Qe1+ 59.
Kh5 hxg5 60. Qf6+ Kg8 61. Qxg5+ Kh7 62. Qg6+ Kh8 63. Qh6+ Kg8 64. Qg6+ Kh8 65.
Qf6+ Kg8 66. Qg5+ Kh8 67. f5 Qe2+ 68. Qg4 Qe8+ 69. Kh4 Qe1+ 70. Qg3 Qe7+ 71. Kg4
Qg7+ 72. Kf4 Qd4+ 73. Kg5 Qg7+ 74. Kh4 Qh6+ 75. Kg4 Qg7+ 76. Kf3 Qc3+ 77. Kg2
Qd2+ 78. Qf2 Qg5+ 79. Kf1 Qc1+ 80. Kg2 Qg5+ 81. Kh2 Kg7 82. Qd4+ Kh6 83. Qd6+
Kg7 84. Qg3 Kf6 85. Qd6+ Kxf5 86. Qd5+ Kg6 87. Qe6+ Qf6 88. Qg4+ Qg5 89. Qe6+
Qf6 90. Qg8+ Qg7 91. Qe6+ Qf6 92. Qe4+ Qf5 93. Qg2+ Qg5 94. Qc6+ Qf6 1/2-1/2

[Event "SZCZYRK OPEN - TURNIEJ Z OKAZJI SWIETA NIEPODLEGLOSCI - BLITZ 3'+2'' "]
[Site "Szczyrk"]
[Date "2018-11-11"]
[Round "4.32"]
[White "Pisarek, Jan "]
[Black "Wilgosz, Tomasz"]
[Result "1/2-1/2"]
[WhiteTitle ""]
[BlackTitle ""]
[WhiteElo "1256"]
[BlackElo "1533"]

1. e4 e6 2. d4 d5 3. Nd2 Nf6 4. e5 Nfd7 5. Bd3 c5 6. c3 Nc6 7. Ne2 cxd4 8. cxd4
Be7 9. O-O O-O 10. f4 f6 11. Kh1 fxe5 12. fxe5 Rxf1+ 13. Qxf1 Qf8 14. Qxf8+ Nxf8
15. Nf3 h6 16. Bd2 Bd7 17. Rf1 Nh7 18. Nf4 Ng5 19. Bc3 a6 20. Nxg5 Bxg5 21. Ne2
b5 22. a3 Be3 23. Rf3 Bg5 24. g3 Rb8 25. h4 Be7 26. b4 Bd8 27. Bg6 a5 28. Kg2
axb4 29. axb4 Ra8 30. Bf7+ Kh8 31. Nf4 Ra2+ 32. Kh3 Ne7 33. Bxe6 Bxe6+ 34. Nxe6
Bb6 35. Rf7 Rc2 36. Rxe7 Rxc3 37. Rxg7 Rc4 38. Rb7 Bxd4 39. Nxd4 Rxd4 40. Rxb5
Re4 41. Rxd5 Rxb4 42. e6 Re4 43. Rd8+ Kg7 44. Re8 Kf6 45. Rh8 Kg7 46. Re8 Kf6
47. e7 Rxe7 48. Rxe7 Kxe7 49. Kg4 Kf6 50. Kh5 Kg7 51. g4 Kh7 52. g5 hxg5 53. hxg5
Kg7 54. g6 Kg8 55. Kg5 Kg7 56. Kf5 Kg8 57. Kf6 Kf8 58. g7+ Kg8 59. Kg6 1/2-1/2

[Event "SZCZYRK OPEN - TURNIEJ Z OKAZJI SWIETA NIEPODLEGLOSCI - BLITZ 3'+2'' "]
[Site "Szczyrk"]
[Date "2018-11-11"]
[Round "4.33"]
[White "Seredyn, Dominik "]
[Black "Guzik, Michal"]
[Result "1/2-1/2"]
[WhiteTitle ""]
[BlackTitle ""]
[WhiteElo "1528"]
[BlackElo "1304"]

1. e4 c5 2. d4 cxd4 3. c3 d3 4. Nf3 Nc6 5. Bxd3 d6 6. O-O Nf6 7. Bg5 e6 8. Re1
Be7 9. c4 O-O 10. Nc3 h6 11. Bh4 Qb6 12. b3 Nd4 13. Rc1 e5 14. Bg3 Bg4 15. Be2
Nxf3+ 16. Bxf3 Bxf3 17. Qxf3 Rad8 18. Nd5 Nxd5 19. exd5 f5 20. h3 e4 21. Qe3 Bg5
22. Qxb6 axb6 23. Rc2 f4 24. Bh2 Rde8 25. Rce2 e3 26. fxe3 Rxe3 27. Rxe3 fxe3
28. Bxd6 Rf2 29. Bg3 Rxa2 30. h4 Bf6 31. d6 Rd2 32. Kh2 e2 33. Kh3 Kf7 34. Kg4
Bc3 35. Bf4 Rxd6 36. Bxd6 Bxe1 37. Kf3 Bxh4 38. Kxe2 Bd8 1/2-1/2

[Event "SZCZYRK OPEN - TURNIEJ Z OKAZJI SWIETA NIEPODLEGLOSCI - BLITZ 3'+2'' "]
[Site "Szczyrk"]
[Date "2018-11-11"]
[Round "4.34"]
[White "Wilgosz, Jan "]
[Black "Orzechowski, Michal"]
[Result "0-1"]
[WhiteTitle ""]
[BlackTitle ""]
[WhiteElo "1242"]
[BlackElo "1519"]

1. e4 c5 2. Nf3 e6 3. Nc3 Nc6 4. Bb5 Qc7 5. Bxc6 bxc6 6. O-O d5 7. d3 Nf6 8. e5
Nd7 9. Re1 Be7 10. Bf4 O-O 11. Ne2 Rb8 12. b3 a5 13. a4 Ba6 14. Ng3 Rfd8 15. Ng5
h6 16. Nh3 c4 17. Rb1 cxd3 18. cxd3 Nc5 19. d4 Nd3 20. Re3 Nxf4 21. Nxf4 c5 22.
Qg4 cxd4 23. Ngh5 Bf8 24. Rg3 Qxe5 25. h4 f5 26. Qf3 Qe4 27. Qxe4 dxe4 28. Ng6
Rd7 29. Rd1 d3 30. Nhf4 Rxb3 31. Ne5 Rdb7 32. Nh5 Rb1 33. Rxb1 Rxb1+ 34. Kh2 d2
0-1

[Event "SZCZYRK OPEN - TURNIEJ Z OKAZJI SWIETA NIEPODLEGLOSCI - BLITZ 3'+2'' "]
[Site "Szczyrk"]
[Date "2018-11-11"]
[Round "4.35"]
[White "Majdecki, Robert "]
[Black "Plichta, Olga"]
[Result "1/2-1/2"]
[WhiteTitle ""]
[BlackTitle ""]
[WhiteElo "1508"]
[BlackElo "1300"]

1. d4 d5 2. c4 c6 3. Nc3 dxc4 4. e4 b5 5. a4 b4 6. Na2 c3 7. bxc3 bxc3 8. Nxc3
Nd7 9. Nf3 Ngf6 10. Bd3 Nb6 11. O-O Bg4 12. Be3 e6 13. h3 Bh5 14. e5 Nfd5 15.
Nxd5 Nxd5 16. Rc1 Nb4 17. Be4 Rc8 18. Bd2 Bxf3 19. Qxf3 Qxd4 20. Bxb4 Bxb4 21.
Bxc6+ Ke7 22. Bb5 Qxe5 23. Qb7+ Kf6 24. g4 Rxc1 25. Rxc1 Bd6 26. Qf3+ Ke7 27.
Qb7+ Kf6 28. Qf3+ Ke7 29. Qb7+ Kf6 30. Qf3+ Ke7 31. Qb7+ 1/2-1/2

[Event "SZCZYRK OPEN - TURNIEJ Z OKAZJI SWIETA NIEPODLEGLOSCI - BLITZ 3'+2'' "]
[Site "Szczyrk"]
[Date "2018-11-11"]
[Round "4.36"]
[White "Karut, Kacper"]
[Black "Kindler, Karolina"]
[Result "1-0"]
[WhiteTitle ""]
[BlackTitle ""]
[WhiteElo "1238"]
[BlackElo "1504"]

1. e4 d5 2. exd5 Nf6 3. Nc3 Nxd5 4. Nf3 Nb6 5. d3 Bg4 6. h3 Bh5 7. Be2 e6 8. O-O
Be7 9. Be3 O-O 10. Nh2 Bxe2 11. Qxe2 Nc6 12. Ng4 f5 13. Nh2 Bf6 14. Bxb6 axb6
15. Qxe6+ Kh8 16. Qb3 Qd6 17. Nf3 g5 18. Qd5 Qxd5 19. Nxd5 Bxb2 20. Rab1 Bg7 21.
Nxg5 Be5 22. Ne6 Rf7 23. f4 Bd6 24. Ng5 Rg7 25. Rb2 Rag8 26. Nf6 Rf8 27. Nh5 Rg6
28. Rb5 Rfg8 29. Nf7# 1-0

[Event "SZCZYRK OPEN - TURNIEJ Z OKAZJI SWIETA NIEPODLEGLOSCI - BLITZ 3'+2'' "]
[Site "Szczyrk"]
[Date "2018-11-11"]
[Round "4.37"]
[White "Sowierszenko, Tomasz "]
[Black "Kubaszewski, Artur "]
[Result "1-0"]
[WhiteTitle ""]
[BlackTitle ""]
[WhiteElo "1503"]
[BlackElo "1050"]

1. c3 Nf6 2. Qa4 g6 3. h3 Bg7 4. g4 Nc6 5. Bg2 d5 6. d3 Bd7 7. Nd2 e6 8. Nf1 Ne7
9. Qc2 c5 10. Ng3 b6 11. g5 Nfg8 12. h4 e5 13. h5 Nf5 14. hxg6 fxg6 15. Nxf5 Bxf5
16. Bd2 Rc8 17. O-O-O Ne7 18. e4 dxe4 19. dxe4 Be6 20. b3 Rc6 21. Bh3 Nc8 22.
Be3 O-O 23. Rxd8 Rxd8 24. Bxe6+ 1-0

[Event "SZCZYRK OPEN - TURNIEJ Z OKAZJI SWIETA NIEPODLEGLOSCI - BLITZ 3'+2'' "]
[Site "Szczyrk"]
[Date "2018-11-11"]
[Round "4.38"]
[White "Pieczewski, Szymon "]
[Black "Jozefczyk, Szymon"]
[Result "1-0"]
[WhiteTitle ""]
[BlackTitle ""]
[WhiteElo "1495"]
[BlackElo "1274"]

1. e4 c5 2. d3 g6 3. Nd2 Bg7 4. g3 d6 5. Bg2 e5 6. Ngf3 Nc6 7. O-O Nge7 8. c3 f5
9. exf5 Bxf5 10. Nc4 O-O 11. Bg5 Qc7 12. Qd2 Bg4 13. Nh4 Nf5 14. Nxf5 Bxf5 15.
h3 b5 16. Ne3 Be6 17. Nd5 Bxd5 18. Bxd5+ Kh8 19. Qe2 Rae8 20. Qe4 Ne7 21. Bxe7
Rxe7 22. c4 b4 23. a3 a5 24. axb4 axb4 25. b3 Qd7 26. Kg2 Qf5 27. Qe2 e4 28. dxe4
Bxa1 29. Rxa1 Qe5 30. Ra2 Qc3 31. Rb2 Ra7 32. Qc2 Qxc2 33. Rxc2 Ra3 34. Rb2 Re8
35. f4 Re7 36. Kf3 Rea7 37. e5 dxe5 38. fxe5 Kg7 39. Ke4 Ra1 40. e6 Re1+ 41. Kf4
Raa1 42. h4 Rf1+ 43. Ke5 Rae1+ 44. Kd6 Kf6 45. Kxc5 Re5 46. Kxb4 Rg1 47. Kc5 Rxg3
48. Kd6 Rd3 49. Rf2+ Rf5 50. Re2 Kg7 51. e7 Rf6+ 52. Kd7 Rf7 53. b4 Rd4 54. b5
h6 55. Kc6 Rf6+ 56. Kc5 Rxd5+ 57. cxd5 1-0

[Event "SZCZYRK OPEN - TURNIEJ Z OKAZJI SWIETA NIEPODLEGLOSCI - BLITZ 3'+2'' "]
[Site "Szczyrk"]
[Date "2018-11-11"]
[Round "4.39"]
[White "Kietrys, Maciej"]
[Black "Zaborski, Igor "]
[Result "1-0"]
[WhiteTitle ""]
[BlackTitle ""]
[WhiteElo "1492"]
[BlackElo "1255"]

1. e4 c6 2. d4 d5 3. exd5 cxd5 4. Bd3 Nc6 5. c3 Qc7 6. Nf3 Nf6 7. h3 g6 8. O-O
Bg7 9. Re1 O-O 10. Ne5 Nxe5 11. dxe5 Nd7 12. f4 f6 13. exf6 exf6 14. Be3 f5 15.
Nd2 Nb6 16. Qf3 Rd8 17. Nb3 Nc4 18. Re2 Nxe3 19. Qxe3 b6 20. Rae1 Bb7 21. Qe7
Rac8 22. Qxc7 Rxc7 23. Re7 Rdd7 24. R7e6 Kf7 25. Kf2 Re7 26. Rxe7+ Rxe7 27. Rxe7+
Kxe7 28. Nd4 Kd6 29. Ke3 Kc5 30. Ne6+ Kd6 31. Nxg7 Ke7 32. Nxf5+ gxf5 33. Bxf5
h6 34. Kd4 Kd6 35. Bh7 Bc6 36. Bd3 Ke6 37. f5+ Kf6 38. g4 Bb7 39. Be2 Bc6 40.
Bf3 Kg5 41. Bxd5 Be8 42. Ke5 Bd7 43. f6 Kg6 44. f7 Kg7 45. Kd6 Bb5 46. Ke7 Bd3
47. f8=Q+ Kg6 48. Qf6+ Kh7 49. Qf7+ Kh8 50. Qg8# 1-0

[Event "SZCZYRK OPEN - TURNIEJ Z OKAZJI SWIETA NIEPODLEGLOSCI - BLITZ 3'+2'' "]
[Site "Szczyrk"]
[Date "2018-11-11"]
[Round "4.40"]
[White "Filipek, Justyna "]
[Black "Chaczynski, Kamil"]
[Result "0-1"]
[WhiteTitle ""]
[BlackTitle ""]
[WhiteElo "1160"]
[BlackElo "1486"]

1. e4 e6 2. Nf3 c5 3. Nc3 Nc6 4. Bb5 a6 5. Bxc6 bxc6 6. d3 d5 7. exd5 cxd5 8. O-O
Bd6 9. h3 Bb7 10. Qe2 Nf6 11. Bg5 O-O 12. Rfe1 Rb8 13. d4 c4 14. b3 cxb3 15. axb3
Bb4 16. Qd3 Qc7 17. Bd2 Bxc3 18. Qxc3 Qxc3 19. Bxc3 Rfc8 20. Re3 Ne4 21. Bd2 Rxc2
22. Re2 Rbc8 23. Rae1 Bc6 24. Bf4 Bb5 25. Rxc2 Rxc2 26. Rc1 Rxc1+ 27. Bxc1 f6
28. Nd2 Nc3 29. Bb2 Ne2+ 30. Kh2 Nf4 31. g3 Nd3 32. Bc3 Nxf2 33. Kg2 Nd3 34. Nf3
Kf7 35. Ba5 e5 36. Bc3 Ke6 37. dxe5 Nxe5 38. Bxe5 fxe5 39. Kf2 Kf5 40. Ke3 d4+
41. Kf2 Bc6 42. Nd2 e4 43. Nc4 Bd5 44. Nd6+ Ke5 45. Nc4+ Bxc4 46. bxc4 a5 47.
Ke2 a4 48. Kd2 a3 0-1

[Event "SZCZYRK OPEN - TURNIEJ Z OKAZJI SWIETA NIEPODLEGLOSCI - BLITZ 3'+2'' "]
[Site "Szczyrk"]
[Date "2018-11-11"]
[Round "4.41"]
[White "Panek, Bartosz "]
[Black "Lokaj, Bartlomiej"]
[Result "1-0"]
[WhiteTitle ""]
[BlackTitle ""]
[WhiteElo "1478"]
[BlackElo "1252"]

1. e4 e5 2. Nf3 Nc6 3. Bc4 Bc5 4. b4 Bxb4 5. c3 Ba5 6. d4 d6 7. O-O Nf6 8. Bg5
Bg4 9. Qb3 O-O 10. dxe5 Nxe5 11. Nxe5 dxe5 12. f3 Bb6+ 13. Kh1 Bh5 14. Na3 h6
15. Bh4 Qe7 16. Nc2 Rfd8 17. Nb4 c6 18. Rad1 Rxd1 19. Rxd1 Rd8 20. Nd3 g5 21.
Bg3 Nxe4 22. fxe4 Bxd1 23. Qxd1 Qc5 24. Bxf7+ Kf8 25. Qf1 Rxd3 26. Bc4+ Kg7 27.
Bxd3 Qe3 28. Bxe5+ Kg6 29. h3 Bd8 30. Bd4 Qf4 31. Qxf4 gxf4 32. Kg1 b6 33. Kf2
Kg5 34. Kf3 c5 35. Be5 Bf6 36. Bxf6+ Kxf6 37. Kxf4 h5 38. e5+ Ke7 39. Kf5 a5 40.
Bb5 h4 41. e6 Kd8 42. Kf6 1-0